000 00981nam a2200181 a 4500
008 140626c20089999||||||||||||||||| || u
050 _aCD/S 539.J3 Lif
110 _aKyoto University. Faculty of Agriculture
245 1 0 _aLife, food and environment, 2008 [electronic resource]
_cFaculty of Agriculture, Kyoto University
_h[cd-rom]
260 _aKyoto
_bKyoto University
_c2008
300 _aCD-ROM
500 _aAnnual report of the Graduate School/Faculty of Agriculture, Kyoto University.
650 _aAGRICULTURE--RESEARCH--JAPAN
650 _aAGRICUTURE--ZAMBIA
995 _ae-RESOURCES
_e20140042
_FCBU-MAIN LIBRARY (Kitwe)
_jCD/S 539.J3 Lif
_M2
_UAVAILABLE
_WJun 26, 2014
_y20140042
_Ze-Media Collection
995 _ae-RESOURCES
_e20140043
_FCBU-MAIN LIBRARY (Kitwe)
_jCD/S 539.J3 Lif
_M3
_UAVAILABLE
_WJun 26, 2014
_y20140043
_Ze-Media Collection
995 _ae-RESOURCES
_e20140041
_FCBU-MAIN LIBRARY (Kitwe)
_jCD/S 539.J3 Lif
_M1
_UAVAILABLE
_WJun 26, 2014
_y20140041
_Ze-Media Collection
999 _c80712
_d80712